[Event "Plzen op 11th"]
[Site "Plzen"]
[Date "2023.03.11"]
[Round "9"]
[White "Heinzel, Olaf"]
[Black "Eret, Jonas"]
[Result "1/2-1/2"]
[WhiteElo "2284"]
[BlackElo "2196"]
[PlyCount "57"]
[EventDate "2023.03.04"]
[EventType "swiss"]
[EventRounds "9"]
[EventCountry "CZE"]
[SourceTitle "CBM 213 Extra"]
[Source "ChessBase"]
[SourceDate "2023.05.31"]
[SourceVersion "1"]
[SourceVersionDate "2023.05.31"]
[SourceQuality "1"]

1. Nf3 Nf6 2. g3 b6 3. Bg2 Bb7 4. 0-0 c5 5. c4 g6 6. b3 Bg7 7. Bb2 0-0 8. Nc3 Nc6 9. d4 Nxd4 10. Nxd4 Bxg2 11. Kxg2 cxd4 12. Qxd4 Ne8 13. Qd2 Nc7 14. Rad1 d6 15. Nd5 Nxd5 16. Bxg7 Kxg7 17. Qxd5 Qc7 18. h4 Qc5 19. Qe4 Rfe8 20. Rd5 Qc8 21. h5 Qe6 22. Qd3 Rac8 23. Rh1 Rc5 24. hxg6 hxg6 25. Qd4+ Qf6 26. Qd2 Rh8 27. Rxh8 Kxh8 28. Rxc5 dxc5 29. Qd7 1/2-1/2

[Event "Plzen op 11th"]
[Site "Plzen"]
[Date "2023.03.08"]
[Round "6"]
[White "Gurack, Daniel"]
[Black "Eret, Jonas"]
[Result "1/2-1/2"]
[WhiteElo "2051"]
[BlackElo "2196"]
[PlyCount "20"]
[EventDate "2023.03.04"]
[EventType "swiss"]
[EventRounds "9"]
[EventCountry "CZE"]
[SourceTitle "CBM 213 Extra"]
[Source "ChessBase"]
[SourceDate "2023.05.31"]
[SourceVersion "1"]
[SourceVersionDate "2023.05.31"]
[SourceQuality "1"]

1. e4 e6 2. d4 d5 3. exd5 exd5 4. Nf3 Nc6 5. Bb5 Bd6 6. c4 Bb4+ 7. Nc3 a6 8. Bxc6+ bxc6 9. Qa4 Bxc3+ 10. bxc3 Ne7 1/2-1/2

[Event "CZE-ch rapid U20"]
[Site "Ceska Trebova"]
[Date "2020.09.20"]
[Round "9"]
[White "Eret, Jonas"]
[Black "Cibulka, Josef"]
[Result "1-0"]
[WhiteElo "2130"]
[BlackElo "1521"]
[PlyCount "87"]
[EventDate "2020.09.19"]
[EventType "swiss (rapid)"]
[EventRounds "9"]
[EventCountry "CZE"]
[SourceTitle "CBM 198 Extra"]
[Source "ChessBase"]
[SourceDate "2020.11.30"]
[SourceVersion "1"]
[SourceVersionDate "2020.11.30"]
[SourceQuality "1"]

1. d4 d5 2. Bf4 c5 3. e3 Nc6 4. Nf3 Nf6 5. Nbd2 Bg4 6. Be2 e6 7. 0-0 cxd4 8. exd4 Bd6 9. Bxd6 Qxd6 10. c3 0-0 11. Re1 b6 12. Ba6 Rab8 13. Qa4 Ne7 14. Ne5 Bf5 15. Bb5 a5 16. Nf1 Ng6 17. Qd1 Ne7 18. g4 Bg6 19. h4 h6 20. Ng3 Rbd8 21. f3 Ne8 22. Kg2 Nc7 23. Be2 f6 24. Nd3 f5 25. Qd2 fxg4 26. fxg4 Bh7 27. Rf1 Ng6 28. h5 Ne7 29. Qe3 Kh8 30. Ne5 Kg8 31. Bd3 Bxd3 32. Nxd3 Rxf1 33. Rxf1 Rf8 34. Re1 Nc6 35. Ne2 Qe7 36. Nef4 Qh4 37. Qg3 Qxg3+ 38. Kxg3 Nd8 39. Ne5 b5 40. a4 b4 41. cxb4 axb4 42. Rc1 Ne8 43. Nfg6 Rf6 44. Rc8 1-0

[Event "CZE-ch rapid U20"]
[Site "Ceska Trebova"]
[Date "2020.09.19"]
[Round "5"]
[White "Eret, Jonas"]
[Black "Kupsa, Matej"]
[Result "1-0"]
[WhiteElo "2130"]
[BlackElo "1595"]
[PlyCount "69"]
[EventDate "2020.09.19"]
[EventType "swiss (rapid)"]
[EventRounds "9"]
[EventCountry "CZE"]
[SourceTitle "CBM 198 Extra"]
[Source "ChessBase"]
[SourceDate "2020.11.30"]
[SourceVersion "1"]
[SourceVersionDate "2020.11.30"]
[SourceQuality "1"]

1. d4 d5 2. Bf4 c6 3. e3 Bf5 4. Nd2 e6 5. Ngf3 Bd6 6. Bg3 Bxg3 7. hxg3 Nf6 8. Be2 h6 9. a4 Nbd7 10. a5 Qe7 11. c3 0-0 12. Qb3 Rab8 13. 0-0 Ne4 14. Nxe4 dxe4 15. Nd2 e5 16. Qa3 Qf6 17. Nc4 exd4 18. exd4 Rfd8 19. Ne3 Qg5 20. Rfd1 Nf6 21. c4 Bg4 22. Bxg4 Nxg4 23. Nxg4 Qxg4 24. Qe3 f5 25. d5 cxd5 26. cxd5 Rbc8 27. Qxa7 Qe2 28. Qb6 Re8 29. Re1 Qc4 30. Qxb7 Qd4 31. Rad1 Qc5 32. d6 e3 33. fxe3 Rxe3 34. Qxc8+ Re8+ 35. Qxc5 1-0

[Event "CZE-ch rapid U20"]
[Site "Ceska Trebova"]
[Date "2020.09.19"]
[Round "4"]
[White "Jirousek, Jan"]
[Black "Eret, Jonas"]
[Result "1/2-1/2"]
[WhiteElo "1635"]
[BlackElo "2130"]
[PlyCount "181"]
[EventDate "2020.09.19"]
[EventType "swiss (rapid)"]
[EventRounds "9"]
[EventCountry "CZE"]
[SourceTitle "CBM 198 Extra"]
[Source "ChessBase"]
[SourceDate "2020.11.30"]
[SourceVersion "1"]
[SourceVersionDate "2020.11.30"]
[SourceQuality "1"]

1. d4 Nf6 2. Nf3 e6 3. c4 d5 4. Nc3 c6 5. cxd5 exd5 6. Bg5 Be7 7. Qc2 Nbd7 8. e3 0-0 9. Bd3 Re8 10. 0-0 h6 11. Bh4 Ne4 12. Bxe7 Qxe7 13. Rab1 a5 14. Nd2 Nxd2 15. Qxd2 Qg5 16. Qe2 Nf8 17. Qf3 h5 18. Ne2 h4 19. Qf4 Qe7 20. Bf5 Bxf5 21. Qxf5 g6 22. Qf3 Ne6 23. Kh1 Kg7 24. h3 Rh8 25. Ng1 Ng5 26. Qf4 f6 27. Rbe1 Rae8 28. Qg4 Qe6 29. Qxe6 Rxe6 30. Ne2 Ne4 31. Nc3 Nd2 32. Rg1 Rhe8 33. b3 Ne4 34. Nxe4 Rxe4 35. a3 f5 36. Rd1 f4 37. exf4 Re2 38. f3 R8e3 39. b4 axb4 40. axb4 Rb2 41. Rb1 Ree2 42. Rxb2 Rxb2 43. g3 hxg3 44. Rxg3 Kf6 45. Rg2 Rxb4 46. Rd2 Kf5 47. Kg2 Kxf4 48. h4 Rb3 49. Rf2 Rd3 50. Rb2 Rxd4 51. Rxb7 Rd2+ 52. Kg1 Kxf3 53. Rg7 Kg4 54. Rxg6+ Kxh4 55. Rxc6 Kg3 56. Kf1 Kf3 57. Ke1 Ra2 58. Re6 Rh2 59. Kd1 Kf4 60. Re8 Ra2 61. Ke1 Ra4 62. Kd2 Re4 63. Rd8 Ke5 64. Re8+ Kd4 65. Ra8 Re6 66. Ra4+ Kc5 67. Ra8 Rh6 68. Rd8 Kc4 69. Ra8 Rh2+ 70. Ke1 Rb2 71. Rc8+ Kd3 72. Rg8 Rb1+ 73. Kf2 d4 74. Ra8 Kc3 75. Rc8+ Kd2 76. Ra8 d3 77. Ra2+ Kc3 78. Ra3+ Kc2 79. Ra2+ Rb2 80. Ra1 Kd2 81. Kf3 Rc2 82. Kf2 Rc6 83. Ra2+ Kc3 84. Ke1 Rh6 85. Ra3+ Kd4 86. Ra8 Rh1+ 87. Kd2 Rh2+ 88. Kd1 Rb2 89. Rd8+ Kc3 90. Rc8+ Kd4 91. Rd8+ 1/2-1/2

[Event "CZE-ch"]
[Site "Plzen"]
[Date "2020.08.31"]
[Round "9"]
[White "Vorisek, Jaroslav"]
[Black "Eret, Jonas"]
[Result "1-0"]
[WhiteElo "2279"]
[BlackElo "2219"]
[PlyCount "41"]
[EventDate "2020.08.23"]
[EventType "swiss"]
[EventRounds "9"]
[EventCountry "CZE"]
[SourceTitle "CBM 198 Extra"]
[Source "ChessBase"]
[SourceDate "2020.11.30"]
[SourceVersion "1"]
[SourceVersionDate "2020.11.30"]
[SourceQuality "1"]

1. d4 e6 2. c4 Nf6 3. g3 d5 4. Bg2 c6 5. Nf3 Bd6 6. Qc2 Ne4 7. 0-0 Nd7 8. Ne1 f5 9. Nd3 g5 10. cxd5 cxd5 11. f3 Nxg3 12. hxg3 Bxg3 13. e4 dxe4 14. fxe4 Nf6 15. Nc3 Qxd4+ 16. Kh1 Nxe4 17. Nxe4 fxe4 18. Qe2 Qg7 19. Bxe4 Qh6+ 20. Kg1 e5 21. Nxe5 1-0

[Event "CZE-ch"]
[Site "Plzen"]
[Date "2020.08.27"]
[Round "5"]
[White "Malinovsky, Petr"]
[Black "Eret, Jonas"]
[Result "0-1"]
[WhiteElo "2081"]
[BlackElo "2219"]
[PlyCount "128"]
[EventDate "2020.08.23"]
[EventType "swiss"]
[EventRounds "9"]
[EventCountry "CZE"]
[SourceTitle "CBM 198 Extra"]
[Source "ChessBase"]
[SourceDate "2020.11.30"]
[SourceVersion "1"]
[SourceVersionDate "2020.11.30"]
[SourceQuality "1"]

1. d4 Nf6 2. c4 d6 3. Nc3 Nbd7 4. e4 e5 5. d5 c6 6. Be3 Be7 7. f3 0-0 8. Qd2 Qc7 9. Bd3 Nc5 10. Bc2 a5 11. Nge2 Nfd7 12. Rd1 Rd8 13. 0-0 Nf8 14. f4 exf4 15. Nxf4 Nfd7 16. Nd3 Nxd3 17. Bxd3 Ne5 18. Qf2 Rf8 19. Bb6 Qb8 20. Bd4 Bg4 21. Be2 Bxe2 22. Qxe2 Ng6 23. Rf3 c5 24. Be3 Qd8 25. Rdf1 a4 26. Rh3 Bg5 27. Rf5 Bxe3+ 28. Qxe3 Re8 29. Qf3 Qd7 30. Qh5 h6 31. g4 Re5 32. Rhf3 Qe7 33. g5 Rxf5 34. Rxf5 Ne5 35. Qe2 hxg5 36. Kh1 g6 37. Rf2 Kg7 38. Rg2 g4 39. Nd1 f5 40. exf5 gxf5 41. Ne3 Qg5 42. Qf2 Rf8 43. Kg1 Nd3 44. Qd2 Nf4 45. Rg3 Nh3+ 46. Kh1 Qf4 47. Qg2 Kh7 48. Rxh3+ gxh3 49. Qxh3+ Qh6 50. Qf3 Qg5 51. h3 Qh4 52. Kh2 Qf6 53. Qe2 Qe5+ 54. Kh1 Qe4+ 55. Kh2 Qf4+ 56. Kh1 Qh4 57. Kh2 Kh6 58. Ng2 Qe4 59. Qf2 f4 60. Qh4+ Kg7 61. Qg4+ Qg6 62. Qd1 Qg3+ 63. Kh1 Qxh3+ 64. Kg1 f3 0-1

[Event "CZE-ch"]
[Site "Plzen"]
[Date "2020.08.25"]
[Round "3"]
[White "Jun, Rudolf Jr"]
[Black "Eret, Jonas"]
[Result "1/2-1/2"]
[WhiteElo "2094"]
[BlackElo "2219"]
[PlyCount "60"]
[EventDate "2020.08.23"]
[EventType "swiss"]
[EventRounds "9"]
[EventCountry "CZE"]
[SourceTitle "CBM 198 Extra"]
[Source "ChessBase"]
[SourceDate "2020.11.30"]
[SourceVersion "1"]
[SourceVersionDate "2020.11.30"]
[SourceQuality "1"]

1. e4 d6 2. d4 Nf6 3. Bd3 e5 4. c3 Be7 5. Nf3 Nbd7 6. Nbd2 exd4 7. cxd4 0-0 8. 0-0 Nb6 9. Re1 c5 10. Nc4 Nxc4 11. Bxc4 Bg4 12. dxc5 dxc5 13. Bf4 Qxd1 14. Raxd1 Rad8 15. e5 Nh5 16. Be3 g6 17. Rxd8 Rxd8 18. Bg5 Kf8 19. Bh6+ Ng7 20. Ng5 Bxg5 21. Bxg5 Rd4 22. b3 b6 23. f3 Be6 24. Be3 Rd8 25. Bg5 Rd4 26. Be3 Rd8 27. Bg5 Rd4 28. Be3 Rd8 29. Bg5 Rd4 30. Be3 Rd8 1/2-1/2

[Event "CZE-ch U20"]
[Site "Kouty nad Desnou"]
[Date "2020.03.10"]
[Round "6"]
[White "Eret, Jonas"]
[Black "Mica, Marek"]
[Result "1/2-1/2"]
[WhiteElo "2211"]
[BlackElo "2306"]
[PlyCount "128"]
[EventDate "2020.03.06"]
[EventType "tourn"]
[EventRounds "11"]
[EventCountry "CZE"]
[SourceTitle "CBM 195 Extra"]
[Source "ChessBase"]
[SourceDate "2020.05.31"]
[SourceVersion "1"]
[SourceVersionDate "2020.05.31"]
[SourceQuality "1"]

1. d4 Nf6 2. Nf3 d5 3. Bf4 c5 4. e3 Nc6 5. Nbd2 Bf5 6. dxc5 e6 7. Nd4 Bg4 8. f3 Bh5 9. Bb5 Qc8 10. b4 Nd7 11. Nxc6 bxc6 12. Be2 a5 13. a3 e5 14. Bg3 f5 15. 0-0 Bf7 16. c4 g5 17. cxd5 cxd5 18. Bb5 Bg7 19. c6 Nb6 20. c7+ Ke7 21. Qc2 Qe6 22. Bc6 Rac8 23. Qc5+ Qd6 24. Qxb6 Rxc7 25. b5 Rhc8 26. Qxa5 f4 27. exf4 exf4 28. Rae1+ Kf8 29. Bf2 Kg8 30. Bb6 Rxc6 31. bxc6 Qxc6 32. Rc1 Qxc1 33. Rxc1 Rxc1+ 34. Kf2 Bc3 35. Qa8+ Kg7 36. Ba5 Bd4+ 37. Ke2 Rg1 38. Kd3 Bf6 39. Qa7 Re1 40. Bb6 Re7 41. Qxe7 Bxe7 42. a4 Be8 43. a5 Bb5+ 44. Kd4 Bb4 45. Nb3 Bf1 46. Ke5 Kg6 47. Bc5 Be1 48. Bb6 h5 49. Nc5 Bxa5 50. Bxa5 Bxg2 51. Bd8 Bxf3 52. Nd7 h4 53. Nf8+ Kh5 54. Ne6 Bg4 55. Ng7+ Kg6 56. Ne8 Bh3 57. Nf6 f3 58. Bb6 g4 59. Nxd5 g3 60. Nf4+ Kg5 61. Nxh3+ Kg4 62. Nf2+ gxf2 63. Bxf2 Kh3 64. Kf4 Kxh2 1/2-1/2

[Event "CZE-ch U20"]
[Site "Kouty nad Desnou"]
[Date "2020.03.09"]
[Round "4"]
[White "Eret, Jonas"]
[Black "Riha, Vojtech"]
[Result "1-0"]
[WhiteElo "2211"]
[BlackElo "2306"]
[PlyCount "161"]
[EventDate "2020.03.06"]
[EventType "tourn"]
[EventRounds "11"]
[EventCountry "CZE"]
[SourceTitle "CBM 195 Extra"]
[Source "ChessBase"]
[SourceDate "2020.05.31"]
[SourceVersion "1"]
[SourceVersionDate "2020.05.31"]
[SourceQuality "1"]

1. d4 Nf6 2. Nf3 g6 3. Bf4 Bg7 4. e3 d6 5. h3 0-0 6. Be2 b6 7. 0-0 Bb7 8. Nbd2 Nbd7 9. a4 a5 10. c3 Nd5 11. Bh2 e5 12. Qb3 Qe7 13. Bc4 N5f6 14. Rfd1 e4 15. Ne1 Kh8 16. Nc2 g5 17. Be2 Ne8 18. Rf1 f5 19. f3 Nef6 20. f4 g4 21. hxg4 Nxg4 22. Bxg4 fxg4 23. Bg3 Rf5 24. Kf2 Bd5 25. Qa3 h5 26. Rh1 Bf6 27. Rh2 Kg7 28. Rah1 Rh8 29. Bh4 Bxh4+ 30. Rxh4 Nf8 31. c4 Ng6 32. g3 Nxh4 33. Rxh4 Be6 34. d5 Bd7 35. Nd4 Rff8 36. Qc3 Kg6 37. Qc2 Re8 38. Nb1 Rhf8 39. Nc3 Kh6 40. Ke1 Qh7 41. Qh2 Qg6 42. Qc2 Qh7 43. Nce2 Bf5 44. Nb5 Rf7 45. Ned4 Qg6 46. Qc3 Qf6 47. Qd2 Qg7 48. Nxc7 Rc8 49. Ncb5 Qg6 50. b3 Bd7 51. Nc3 Re8 52. Qh2 Ree7 53. Nc2 Rh7 54. Qd2 Rh8 55. Ne2 Rf8 56. Ned4 Rc8 57. Ke2 Rf7 58. Ne1 Qf6 59. Ng2 Re7 60. Qe1 Rf7 61. f5 Bxf5 62. Rxh5+ Kxh5 63. Qh1+ Kg6 64. Nf4+ Kg7 65. Nh5+ Kg6 66. Nxf6 Rxf6 67. Nxf5 Rxf5 68. Qxe4 Kg5 69. Qe7+ Rf6 70. Qg7+ Rg6 71. Qb7 Rf8 72. Qxb6 Rf3 73. Qd8+ Rgf6 74. c5 dxc5 75. d6 Kh5 76. Qe8+ Kh6 77. Qh8+ Kg6 78. Qg8+ Kh5 79. Qh7+ Kg5 80. Qh4+ Kf5 81. d7 1-0

[Event "CZE-chT2A 1920"]
[Site "Czech Republic"]
[Date "2020.01.26"]
[Round "7.2"]
[White "Hruby, Milan"]
[Black "Eret, Jonas"]
[Result "0-1"]
[WhiteElo "1991"]
[BlackElo "2211"]
[PlyCount "62"]
[EventDate "2019.10.13"]
[EventType "team-tourn"]
[EventRounds "11"]
[EventCountry "CZE"]
[SourceTitle "EXT 2024"]
[Source "ChessBase"]
[SourceDate "2023.10.10"]
[SourceVersion "1"]
[SourceVersionDate "2023.10.10"]
[SourceQuality "1"]
[WhiteTeam "Tabor"]
[BlackTeam "Klatovy"]
[WhiteTeamCountry "CZE"]
[BlackTeamCountry "CZE"]

1. d4 d6 2. e4 Nf6 3. Nc3 e5 4. Nge2 exd4 5. Nxd4 Be7 6. g3 0-0 7. Bg2 c6 8. h3 Qc7 9. 0-0 b5 10. Bf4 b4 11. Nce2 g6 12. c3 bxc3 13. Nxc3 Bb7 14. Rc1 Qb6 15. Qd2 Nh5 16. Be3 Qd8 17. g4 Ng7 18. f4 Nd7 19. g5 Nb6 20. b3 c5 21. Nde2 Qd7 22. Ng3 f5 23. gxf6 Bxf6 24. a4 Bh4 25. Nge2 a5 26. Rcd1 Rfd8 27. Nb5 Qf7 28. Qc2 Qe7 29. Qd2 Bxe4 30. Bxe4 Qxe4 31. Bxc5 dxc5 0-1

[Event "CZE-chT2A 1920"]
[Site "Czech Republic"]
[Date "2019.11.17"]
[Round "3.2"]
[White "Eret, Jonas"]
[Black "Kotal, Vaclav"]
[Result "1-0"]
[WhiteElo "2211"]
[BlackElo "2166"]
[PlyCount "69"]
[EventDate "2019.10.13"]
[EventType "team-tourn"]
[EventRounds "11"]
[EventCountry "CZE"]
[SourceTitle "EXT 2024"]
[Source "ChessBase"]
[SourceDate "2023.10.10"]
[SourceVersion "1"]
[SourceVersionDate "2023.10.10"]
[SourceQuality "1"]
[WhiteTeam "Klatovy"]
[BlackTeam "Strakonice"]
[WhiteTeamCountry "CZE"]
[BlackTeamCountry "CZE"]

1. d4 d5 2. Bf4 Nf6 3. e3 c5 4. c3 Nc6 5. Bd3 Qb6 6. b3 Bg4 7. Ne2 e6 8. 0-0 Be7 9. Bg3 0-0 10. Nd2 cxd4 11. exd4 Rac8 12. Qb1 Bxe2 13. Bxe2 a5 14. Qd3 Ba3 15. Rab1 Be7 16. Rfd1 Rfd8 17. Qf3 Na7 18. a4 Qc6 19. Rbc1 b5 20. Bd3 bxa4 21. bxa4 Ba3 22. Rc2 Bd6 23. Bh4 Be7 24. Ra1 Rd7 25. Qh3 h6 26. Nf3 Qb6 27. Ne5 Rdc7 28. Rac1 Ba3 29. Re1 Be7 30. Rce2 Rxc3 31. Nxf7 Kxf7 32. Rxe6 Bd6 33. Bxf6 gxf6 34. Qh5+ Kf8 35. Rxf6+ 1-0

[Event "Pardubice Czech op-B 30th"]
[Site "Pardubice"]
[Date "2019.07.25"]
[Round "7"]
[White "Slonimskij, Arkadij"]
[Black "Eret, Jonas"]
[Result "1/2-1/2"]
[WhiteElo "2120"]
[BlackElo "2201"]
[PlyCount "43"]
[EventDate "2019.07.19"]
[EventType "swiss"]
[EventRounds "9"]
[EventCountry "CZE"]
[SourceTitle "EXT 2020"]
[Source "ChessBase"]
[SourceDate "2019.10.17"]
[SourceVersion "1"]
[SourceVersionDate "2019.10.17"]
[SourceQuality "1"]

1. d4 Nf6 2. c4 e6 3. Nc3 Bb4 4. Qc2 0-0 5. e4 d6 6. Bd3 e5 7. Nge2 exd4 8. Nxd4 Re8 9. 0-0 Bxc3 10. bxc3 c5 11. Ne2 Nc6 12. Nf4 Ne5 13. Be2 Nfd7 14. Be3 Nb6 15. Rfd1 Nbxc4 16. Bxc5 Qg5 17. Be3 Nxe3 18. fxe3 Bd7 19. Rxd6 Bc6 20. Rd4 Nd7 21. Bc4 Nf6 22. Bd5 1/2-1/2

[Event "Pardubice Czech op-B 30th"]
[Site "Pardubice"]
[Date "2019.07.20"]
[Round "2"]
[White "Eret, Jonas"]
[Black "Jares, Michal"]
[Result "1-0"]
[WhiteElo "2201"]
[BlackElo "1952"]
[PlyCount "96"]
[EventDate "2019.07.19"]
[EventType "swiss"]
[EventRounds "9"]
[EventCountry "CZE"]
[SourceTitle "EXT 2020"]
[Source "ChessBase"]
[SourceDate "2019.10.17"]
[SourceVersion "1"]
[SourceVersionDate "2019.10.17"]
[SourceQuality "1"]

1. d4 Nf6 2. Nf3 g6 3. Bf4 Bg7 4. e3 0-0 5. h3 d6 6. Be2 c5 7. c3 cxd4 8. exd4 a6 9. a4 b6 10. 0-0 Bb7 11. Nbd2 Nbd7 12. Bh2 Re8 13. Re1 e5 14. Nc4 Ne4 15. Bf1 b5 16. axb5 axb5 17. Rxa8 Qxa8 18. Na3 b4 19. cxb4 exd4 20. Nb5 Qb8 21. Nfxd4 Be5 22. Nf3 Bxh2+ 23. Nxh2 Bc6 24. Nd4 Ba8 25. Bb5 Nef6 26. Rxe8+ Qxe8 27. Ng4 Qe4 28. Bf1 h5 29. Nxf6+ Nxf6 30. b5 Nd5 31. Nc6 Ne7 32. Bd3 Qe6 33. Qc2 Bxc6 34. bxc6 Qe1+ 35. Bf1 Qe6 36. b4 Nd5 37. Qa2 Qe5 38. Qa8+ Kg7 39. Qa5 Qf5 40. c7 Qe6 41. Qxd5 Qxd5 42. c8Q Qd4 43. b5 g5 44. Qf5 f6 45. Qc8 g4 46. hxg4 hxg4 47. g3 Kg6 48. Qc4 Qd1 1-0

[Event "CZE-chT2A 1819"]
[Site "Czech Republic"]
[Date "2019.03.31"]
[Round "11.2"]
[White "Eret, Jonas"]
[Black "Mejzlik, Ondrej"]
[Result "1/2-1/2"]
[WhiteElo "2222"]
[BlackElo "2299"]
[PlyCount "64"]
[EventDate "2018.10.14"]
[EventType "team-tourn"]
[EventRounds "11"]
[EventCountry "CZE"]
[SourceTitle "EXT 2022"]
[Source "ChessBase"]
[SourceDate "2021.10.06"]
[SourceVersion "1"]
[SourceVersionDate "2021.10.06"]
[SourceQuality "1"]
[WhiteTeam "Klatovy"]
[BlackTeam "Vlasim"]
[WhiteTeamCountry "CZE"]
[BlackTeamCountry "CZE"]

1. d4 d5 2. Bf4 Nf6 3. Nf3 c6 4. e3 Bf5 5. Be2 e6 6. Nbd2 Nbd7 7. Nh4 Bg6 8. Nxg6 hxg6 9. h3 c5 10. 0-0 a6 11. c3 Be7 12. a4 0-0 13. a5 b5 14. axb6 Qxb6 15. Qb3 Qc6 16. Qa4 Qb6 17. Qa5 Qc6 18. Qc7 Qxc7 19. Bxc7 Rfc8 20. Bf4 c4 21. Ra4 Rc6 22. Bf3 Ra7 23. e4 Rb6 24. Re1 Kf8 25. exd5 exd5 26. Nxc4 dxc4 27. Rxc4 Ne8 28. Rc8 Rf6 29. Bg3 Nb6 30. Rb8 Nd7 31. Rc8 Nb6 32. Rb8 Nd7 1/2-1/2

[Event "Regionalliga Nord-Ost 1819"]
[Site "Bayern"]
[Date "2019.03.24"]
[Round "8.1"]
[White "Egger, Thomas"]
[Black "Eret, Jonas"]
[Result "1/2-1/2"]
[WhiteElo "2140"]
[BlackElo "2245"]
[PlyCount "81"]
[EventDate "2018.10.21"]
[EventType "team-tourn"]
[EventRounds "9"]
[EventCountry "GER"]
[SourceTitle "EXT 2022"]
[Source "ChessBase"]
[SourceDate "2021.10.06"]
[SourceVersion "1"]
[SourceVersionDate "2021.10.06"]
[SourceQuality "1"]
[WhiteTeam "Buechenbach/Roth"]
[BlackTeam "Bad Koetzting"]
[WhiteTeamCountry "GER"]
[BlackTeamCountry "GER"]

1. Nf3 Nf6 2. c4 e6 3. g3 b6 4. Bg2 Bb7 5. 0-0 Be7 6. b3 0-0 7. Bb2 d6 8. Qc2 Nbd7 9. Nc3 c5 10. Rad1 a6 11. d4 Qc7 12. d5 exd5 13. Nxd5 Nxd5 14. cxd5 Bf6 15. Bxf6 Nxf6 16. e4 Rae8 17. Nh4 Bc8 18. f4 Ng4 19. Rde1 f5 20. h3 Nh6 21. Kh2 g6 22. Qc3 fxe4 23. Bxe4 Qg7 24. Qxg7+ Kxg7 25. Nf3 Re7 26. Bd3 Rfe8 27. Rxe7+ Rxe7 28. Re1 Rxe1 29. Nxe1 Ng8 30. Nc2 Nf6 31. Ne3 b5 32. a4 Bd7 33. axb5 axb5 34. g4 Ne8 35. Kg3 Nc7 36. Kf2 h6 37. h4 Be8 38. g5 hxg5 39. hxg5 Bf7 40. Be4 Kf8 41. Ke2 1/2-1/2

[Event "CZE-ch U20"]
[Site "Kouty nad Desnou"]
[Date "2019.03.15"]
[Round "10"]
[White "Slovak, Kilian"]
[Black "Eret, Jonas"]
[Result "1/2-1/2"]
[WhiteElo "2249"]
[BlackElo "2179"]
[PlyCount "82"]
[EventDate "2019.03.08"]
[EventType "tourn"]
[EventRounds "11"]
[EventCountry "CZE"]
[SourceTitle "CBM 189 Extra"]
[Source "ChessBase"]
[SourceDate "2019.06.03"]
[SourceVersion "1"]
[SourceVersionDate "2019.06.03"]
[SourceQuality "1"]

1. e4 e6 2. d4 d5 3. Nc3 Nf6 4. Bg5 Be7 5. e5 Nfd7 6. h4 h6 7. Bxe7 Qxe7 8. Qg4 0-0 9. f4 c5 10. Nf3 cxd4 11. Nxd4 Nb6 12. 0-0-0 Nc6 13. Rh3 f6 14. Nxc6 bxc6 15. Rg3 Bd7 16. Kb1 f5 17. Qf3 Rab8 18. Rh3 Qb4 19. a3 Qa5 20. g4 Be8 21. h5 Na4 22. Nxa4 Qxa4 23. g5 hxg5 24. fxg5 Rf7 25. Rd3 c5 26. g6 Rfb7 27. Rb3 Qd4 28. Qe3 Qd1+ 29. Qc1 Qg4 30. Rxb7 Rxb7 31. Qe3 Qd1+ 32. Qc1 Qd4 33. Re3 c4 34. c3 Qc5 35. Ka1 Rb3 36. Be2 Qb6 37. Rf3 Qb8 38. Bd1 Rb7 39. Re3 Qd8 40. Rh3 Qb6 41. Re3 Qd8 1/2-1/2

[Event "CZE-ch U20"]
[Site "Kouty nad Desnou"]
[Date "2019.03.10"]
[Round "3"]
[White "Eret, Jonas"]
[Black "Parizek, Vojtech"]
[Result "1-0"]
[WhiteElo "2179"]
[BlackElo "2298"]
[PlyCount "49"]
[EventDate "2019.03.08"]
[EventType "tourn"]
[EventRounds "11"]
[EventCountry "CZE"]
[SourceTitle "CBM 189 Extra"]
[Source "ChessBase"]
[SourceDate "2019.06.03"]
[SourceVersion "1"]
[SourceVersionDate "2019.06.03"]
[SourceQuality "1"]

1. d4 Nf6 2. Bf4 g6 3. Nc3 d5 4. Qd2 Bg7 5. 0-0-0 0-0 6. f3 Nbd7 7. g4 c5 8. e3 cxd4 9. exd4 Qa5 10. h4 Re8 11. h5 e5 12. hxg6 fxg6 13. dxe5 Nxe5 14. Qh2 d4 15. Nb5 Qxa2 16. Bxe5 Qa1+ 17. Kd2 Qa5+ 18. b4 Ne4+ 19. fxe4 Qxb4+ 20. Kc1 Rxe5 21. Qxh7+ Kf8 22. Bd3 Qe7 23. Rf1+ Ke8 24. Qg8+ Kd7 25. Rf7 1-0

[Event "CZE-ch U20"]
[Site "Kouty nad Desnou"]
[Date "2019.03.08"]
[Round "1"]
[White "Hollan, Petr"]
[Black "Eret, Jonas"]
[Result "1-0"]
[WhiteElo "2289"]
[BlackElo "2179"]
[PlyCount "97"]
[EventDate "2019.03.08"]
[EventType "tourn"]
[EventRounds "11"]
[EventCountry "CZE"]
[SourceTitle "CBM 189 Extra"]
[Source "ChessBase"]
[SourceDate "2019.06.03"]
[SourceVersion "1"]
[SourceVersionDate "2019.06.03"]
[SourceQuality "1"]

1. e4 e6 2. d4 d5 3. Nc3 Nf6 4. e5 Nfd7 5. f4 c5 6. Nf3 Nc6 7. Be3 a6 8. Qd2 cxd4 9. Nxd4 Nxd4 10. Bxd4 Bc5 11. Bxc5 Nxc5 12. 0-0-0 Qe7 13. f5 Ne4 14. Nxe4 dxe4 15. f6 gxf6 16. exf6 Qxf6 17. Qb4 Qe5 18. Rd4 Bd7 19. Rxe4 Qg5+ 20. Kb1 Bc6 21. Rd4 Rd8 22. Rxd8+ Qxd8 23. Bd3 Qe7 24. Qc3 f6 25. Re1 Kf7 26. Bxa6 Bxg2 27. Bc4 Rd8 28. Qa5 Bd5 29. Bxd5 Rxd5 30. Qxd5 exd5 31. Rxe7+ Kxe7 32. Kc1 Ke6 33. Kd2 Ke5 34. Ke3 d4+ 35. Kf3 h6 36. h3 h5 37. h4 b6 38. a3 Kf5 39. a4 Ke5 40. b4 Kd5 41. a5 bxa5 42. bxa5 Kc5 43. a6 Kb6 44. Ke4 Kxa6 45. Kxd4 Kb5 46. Ke4 Kc4 47. Kf5 Kc3 48. Kxf6 Kxc2 49. Kg5 1-0

[Event "CZE-chT2A 1819"]
[Site "Czech Republic"]
[Date "2019.02.24"]
[Round "9.2"]
[White "Eret, Jonas"]
[Black "Borkovec, Milan"]
[Result "1/2-1/2"]
[WhiteElo "2222"]
[BlackElo "2247"]
[PlyCount "150"]
[EventDate "2018.10.14"]
[EventType "team-tourn"]
[EventRounds "11"]
[EventCountry "CZE"]
[SourceTitle "EXT 2022"]
[Source "ChessBase"]
[SourceDate "2021.10.06"]
[SourceVersion "1"]
[SourceVersionDate "2021.10.06"]
[SourceQuality "1"]
[WhiteTeam "Klatovy"]
[BlackTeam "Tabor"]
[WhiteTeamCountry "CZE"]
[BlackTeamCountry "CZE"]

1. d4 Nf6 2. Bf4 e6 3. e3 d5 4. Bd3 Bd6 5. Bg3 0-0 6. Nd2 b6 7. Ngf3 Bb7 8. Ne5 c5 9. c3 Nc6 10. f4 Ne7 11. Qf3 Nf5 12. Bf2 Be7 13. Ng4 Nxg4 14. Qxg4 Nd6 15. Qh3 Ne4 16. Nf3 Qc8 17. Bh4 Bxh4+ 18. Qxh4 Ba6 19. Bxe4 dxe4 20. Ng5 h6 21. Nxe4 cxd4 22. exd4 Qc4 23. Qf2 e5 24. fxe5 f6 25. Nd2 Qb5 26. 0-0-0 fxe5 27. Qe3 exd4 28. Qxd4 Rad8 29. Qh4 Qf5 30. Nf3 Rxd1+ 31. Rxd1 Bb7 32. Qc4+ Kh7 33. Qd3 Be4 34. Qe3 Qg6 35. Nd4 Qxg2 36. Rg1 Rf1+ 37. Rxf1 Qxf1+ 38. Kd2 Qb1 39. b3 Qxa2+ 40. Ke1 Qb1+ 41. Kf2 Qh1 42. Qg3 Qd1 43. Ne6 Qd2+ 44. Kg1 g5 45. h4 Kg6 46. hxg5 hxg5 47. Nd4 Qc1+ 48. Kf2 Qf4+ 49. Qxf4 gxf4 50. Nb5 a5 51. Nd6 Bc2 52. Kf3 Kg5 53. Nf7+ Kf6 54. Nd6 Bxb3 55. Kxf4 Ke6 56. Nb5 Kd5 57. Na3 Kc5 58. Ke3 Bf7 59. Kd2 Bg6 60. Kc1 Kd5 61. Kd2 Be8 62. Kd3 Kc5 63. Kc2 Bb5 64. Kd2 Ba6 65. Kc2 Kd5 66. Kd2 Ke4 67. Nc2 Bd3 68. Ne1 Bc4 69. Nc2 a4 70. Kc1 Bd3 71. Na3 Ke3 72. Kd1 Be4 73. Nc4+ Kd3 74. Nxb6 Kxc3 75. Nxa4+ Kb4 1/2-1/2